LEADER 01059nam2-2200349---450- 001 990003665860203316 005 20120529113330.0 010 $a978-1-4073-0769-5 035 $a000366586 035 $aUSA01000366586 035 $a(ALEPH)000366586USA01 035 $a000366586 100 $a20120529d2011----km-y0itay50------ba 101 0 $aeng 102 $aGB 105 $a||||||||001yy 200 1 $a<> heart of wisdom$estudies on the heart amulet in ancient Egypt$fRogério Sousa 210 $aOxford$cArcheopress$d2011 215 $aVI, 133 p.$cill.$d30 cm 225 2 $aBAR International series$v2211 410 0$1001000018484$12001$aBAR International series 606 1 $aAmuleti$yEgitto antico$2BNCF 676 $a133.44 700 1$aSOUSA,$bRogério$0612413 801 0$aIT$bsalbc$gISBD 912 $a990003665860203316 951 $aXI.5. Coll. 12/ 973$b231797 L.M.$cXI.5. Coll.$d00311288 959 $aBK 969 $aUMA 979 $aMARTUCCIEL$b90$c20120529$lUSA01$h1133 996 $aHeart of wisdom$91139166 997 $aUNISA LEADER 01291nam a2200301 4500 001 991002635489707536 008 141125s2013 it 001 0 ita d 020 $a9788813328504 035 $ab14206869-39ule_inst 040 $aDip. Studi Giuridici$bita 082 04$a346.45082 082 04$a332.6712 245 00$aBanche ed etica :$batti del Convegno organizzato dall'Unione giuristi cattolici italiani, Diocesi Conversano-Monopoli G. Ferorelli, (Monopoli, il 17 maggio 2013) /$ca cura di Illa Sabbatelli ; presentazione di Guido Alpa 260 $a [Assago] $b CEDAM,$c2013 300 $a xvii, 247 p. ;$c24 cm 440 0$aSaggi e monografie di diritto dell'economia ;$v23 500 $a [Assago] : CEDAM, 2013 650 4$aBanche$xRapporti [con la] Clientela$zItalia$xDiritto$xAtti di congressi 650 4$aFinanza etica$xCongressi$zMonopoli$y2013 650 4$aUnione giuristi italiani 700 1 $aSabbatelli, Illa 700 1 $aAlpa, Guido 907 $a.b14206869$b17-12-14$c25-11-14 912 $a991002635489707536 945 $aLE027 346.08 SAB01.01$g1$i2027000329939$lle027$nProf.ssa Perago$op$pE24.00$q-$rl$s- $t0$u4$v4$w4$x0$y.i15651113$z17-12-14 996 $aBanche ed etica$9257130 997 $aUNISALENTO 998 $ale027$b25-11-14$cm$da $e-$fita$git $h0$i0